000 00435 a2200145 4500
022 _a0370-9736
041 0 _ager
245 0 0 _aSiemens Forschungs Und Entwicklungsberichte
260 _aBerlin :
_bSpringer-verlag,
_c1971-.
300 _c29 cm.
336 _aTekst
_btxt
_2rdacontent
337 _aBez urządzenia pośredniczącego
_bn
_2rdamedia
338 _aWolumin
_bnc
_2rdacarrier
380 _aCzasopisma
710 2 _aSpringer-Verlag.
_eWydawca
_4pbl
999 _c23620
_d23620